| 000 | 00562nam a22001817a 4500 | ||
|---|---|---|---|
| 005 | 20240417171132.0 | ||
| 008 | 240417b |||||||| |||| 00| 0 eng d | ||
| 020 | _a9780619016586 | ||
| 082 |
_a005.276 _bEKE-V |
||
| 100 | _aEkedahl, Michael | ||
| 245 |
_aProgramming with microsoft visual basic .NET : _bAn object-oriented approach- comprehensive / _cWilliam newman |
||
| 260 |
_aindia: _bPearson; _c2003. |
||
| 300 |
_axv, 664 p. : _bill; _c24 cm. |
||
| 500 | _ainclude index. | ||
| 650 | _acomputer science/Database | ||
| 700 | _aWiliam Newman | ||
| 999 |
_c35548 _d35548 |
||